Actor Anagrams #1 - Statistics

General Stats
  • This quiz has been taken 8 times
  • The average score is 4 of 10
Answer Stats
Hint Answer % Correct
Jaw dueL Jude Law
100%
A mad Driver Adam Driver
86%
old wEst aCtion Clint Eastwood
43%
fine in torn JeAns Jennifer Aniston
43%
i'm so CuTer Tom Cruise
43%
i'm a Jerk, buT listen Justin Timberlake
29%
i enD liVes Vin Diesel
29%
a fRienD, if called Daniel Radcliffe
14%
Parent to aNimal Natalie Portman
14%
on any SCreen Sean Connery
14%
No matching quizzes found
Score Distribution
Percent of People with Each Score
Percentile by Number Answered
Your Score History
You have not taken this quiz